Controlling the weapons of war : politics, persuasion and the prohibition of inhumanity (Record no. 138799)

MARC details
000 -LEADER
fixed length control field 00692nam a2200217Ia 4500
008 - FIXED-LENGTH DATA ELEMENTS--GENERAL INFORMATION
fixed length control field 191130s2006##################000#0#eng##
020 ## - INTERNATIONAL STANDARD BOOK NUMBER
ISBN 9780415386678
082 ## - DEWEY DECIMAL CLASSIFICATION NUMBER
Classification number 327.174 RAP
100 ## - MAIN ENTRY--AUTHOR NAME
Personal name Rappert, Brian
245 ## - TITLE STATEMENT
Title Controlling the weapons of war : politics, persuasion and the prohibition of inhumanity
Statement of responsibility, etc Brian Rappert
260 ## - PUBLICATION, DISTRIBUTION, ETC. (IMPRINT)
Place of publication London ; New York
Name of publisher Routledge
Year of publication c2006
300 ## - PHYSICAL DESCRIPTION
Number of Pages xii, 223 p. ; 24 cm
500 ## - GENERAL NOTE
General note Includes bibliographical references (p. [218]-219) and index
650 ## - SUBJECT ADDED ENTRY--TOPICAL TERM
Topical Term Arms control
Topical Term Military weapons
991 ## -
-- 135615
Holdings
Withdrawn status Lost status Damaged status Not for loan Home library Current library Shelving location Date acquired Full call number Accession Number Price effective from Koha item type
        Anna Centenary Library Anna Centenary Library 3RD FLOOR, B WING 12.10.2020 327.174 RAP 147332 12.10.2020 English Books

Find us on the map